000 00228nam a22000857a 4500
008 160915b xxu||||| |||| 00| 0 eng d
100 _9510
_aForshaw.J.etal
245 _aA Guide to Birding
260 _aUSA
_bCity Press Publications
_c2005
999 _c3167
_d3167